Los elementos / (Registro nro. 7316)

Detalles MARC
000 -LIDER
fixed length control field 01143nam a2200325 a 4500
001 - NÚMERO DE CONTROL
Identificador de número de control 000031502
003 - IDENTIFICACDOR DE NÚMERO DE CONTROL
control field DO-SdBNP
005 - DATE AND TIME OF LATEST TRANSACTION
control field 20180322142436.0
007 - CAMPOS FIJOS DE DESCRIPCIÓN FÍSICA
fixed length control field 000031502
008 - ELEMENTOS DE LONGITUD FIJA
fixed length control field 110627s2005 dr 001 j spa d
020 ## - ISBN
International Standard Book Number 9993442321
040 ## - FUENTE DE CATALOGACIÓN
Agencia que crea de manera original el registro BPMSU
Idioma de catalogación spa
Agencia que realiza la transcripción BPMSU
082 #4 - NÚMERO DE CLASIFICACIÓN DECIMAL DE DEWEY
Classification number RD863.5
Item number N964e
100 1# - ASIENTO PRINCIPAL -- NOMBRE PERSONAL
Nombre personal Nuñez Guerrero, Sheilly,
Fechas asociadas con el nombre 1980-
245 14 - MENCIÓN DE TITULO
Título Los elementos /
Mención de responsabilidad Sheilly Nuñez Guerrero ; editor José M. Fernández Pequeño.
260 ## - PUBLICACIÓN, DISTRIBUCIÓN, ETC. (PIE DE IMPRENTA)
Lugar de publicación, distribución, etc Santo Domingo :
Nombre del editor, distribuidor, etc. Ediciones Ferilibro,
Fecha de publicación, distribución, etc 2005.
300 ## - DESCRIPCIÓN FÍSICA
Extensión 73 p. ;
Dimensiones 24 cm.
490 1# - MENCIÓN DE SERIES
Mención de serie Ediciones Ferilibro
Volume/sequential designation 67
500 ## - NOTA GENERAL
Nota general II Concurso de Cuento Joven, Feria del Libro 2004.
500 ## - NOTA GENERAL
Nota general Incluye datos biográficos de la autora en la solapa de la cubierta
650 #4 - ENCABEZAMIENTO DE MATERIA--TEMÁTICO
Término temático o nombre geográfico como elemento de entrada CUENTOS DOMINICANOS
650 #4 - ENCABEZAMIENTO DE MATERIA--TEMÁTICO
Término temático o nombre geográfico como elemento de entrada LITERATURA DOMINICANA
700 1# - ASIENTO SECUNDARIO -- NOMBRE PERSONAL
Nombre personal Fernández Pequeño, José M.,
Mención de responsabilidad ed.
710 ## - ASIENTO SECUNDARIO -- NOMBRE CORPORATIVO
Término de relación Dirección General de la Feria del Libro (República Dominicana)
830 #0 - ASIENTO SECUNDARIO DE SERIE--TÍTULO UNIFORME
Título uniforme Ediciones Ferilibro
Volume number/sequential designation 67
910 ## - VALIDACIÓN
Validación Validado. Control de la calidad
942 ## - ADDED ENTRY ELEMENTS (KOHA)
Source of classification or shelving scheme Dewey Decimal Classification
Koha item type Libros
945 ## - INFORMACIÓN DE PROCESAMIENTO LOCAL
Información de procesamiento local Remanejado para la BNPHU / 2017 VM
956 ## - LOCAL ELECTRONIC LOCATION AND ACCESS (OCLC)
Nombre de host VMATEO
Número de acceso 10
Información de compresión 20151002
Inicio de sesión BPMSU
Procesador de solicitud 00151
Existencias
Withdrawn status Lost status Source of classification or shelving scheme Damaged status Not for loan Home library Current library Date acquired Total Checkouts Full call number Barcode Date last seen Price effective from Koha item type Collection code Copy number
    Dewey Decimal Classification     Biblioteca Pública Metropolitana Salomé Ureña Biblioteca Pública Metropolitana Salomé Ureña 02/03/2015   RD863.5 N964e BPMSU15040996 02/03/2015 02/03/2015 Libros    
    Dewey Decimal Classification     Biblioteca Pública Metropolitana Salomé Ureña Biblioteca Pública Metropolitana Salomé Ureña 02/03/2015   RD863.5 N964e BPMSU15040997 02/03/2015 02/03/2015 Libros Colección Dominicana e. 2